| 000 | 004930000a22001810004500 | ||
|---|---|---|---|
| 003 | LK-CoMWRAF | ||
| 008 | 230817t ||||| |||| 00| 0 eng d | ||
| 040 |
_aLK-CoMWRAF _dLK-CoMWRAF _eLK-CoMWRAF |
||
| 041 | _aeng | ||
| 082 |
_a301 _bFIR |
||
| 245 |
_aFirst naational convention on women's studies _b1-3 March, 1989 |
||
| 260 |
_aColombo _bCENWOR _c1989 |
||
| 300 | _ap.41 | ||
| 490 | _aDocumentation series No;14 | ||
| 650 | _aCENWOR National convention | ||
| 650 | _awomen-SL | ||
| 942 | _cBK | ||
| 999 |
_c2558 _d2558 |
||